La lectura y la formación del adolescente

Gardado en:
Detalles Bibliográficos
Autor Principal: Fay, Leo C (Author)
Formato: Libro
Idioma:Lingua castelá
Publicado: Buenos Aires Librería del Colegio 1970
Series:Nueva Pedagogía, 11
Subjects:
Tags: Engadir etiqueta
Sen Etiquetas, Sexa o primeiro en etiquetar este rexistro!

MARC

LEADER 00000nam a2200000 a 4500
001 UCU1031
003 CL-VaPUC
008 960329e19700000AG |||||||||||||||||spa|d
082 0 4 |a 372.64  |b FAY  |2 21 
100 0 |a Fay, Leo C  |e author  |9 356623 
245 1 3 |a La lectura y la formación del adolescente 
300 |a 45 p 
942 |c BK 
945 |d 19960329 00:00:00  |a lriquelm 
260 |a Buenos Aires  |b Librería del Colegio  |c 1970 
650 0 |a Enseñanza de la lectura  |9 308364 
650 0 |a Adolescencia  |9 307361 
650 0 |a Adolescentes  |9 308058 
583 |a last modification  |c 19960329 00:00:00  |k Rodrigo Vera 
490 0 |a Nueva Pedagogía, 11 
999 |c 245802  |d 245800 
952 |0 0  |1 0  |4 0  |6 372_640000000000000_FAY_1970  |7 0  |8 P  |9 260401  |a BIBEDU  |b BIBEDU  |c BIBEDU_PB  |d 2019-11-19  |i 1639668  |o 372.64 FAY 1970  |p 1639668  |r 2024-01-25  |w 2019-11-19  |y BK  |k EDU